[Event "4th G. Agzamov Mem"]
[Site "Tashkent UZB"]
[Date "2010.03.25"]
[Round "3"]
[White "Dzhumaev, M."]
[Black "Shaymuratov, I."]
[Result "1-0"]
[WhiteElo "2525"]
[BlackElo "2182"]
[PlyCount "95"]
[EventDate "2010.03.23"]
[EventType "swiss"]
[EventRounds "9"]
[EventCountry "UZB"]
[Source "Mark Crowther"]
[SourceDate "2010.03.29"]

1. e4 e5 2. Bc4 Nc6 3. Nf3 Be7 4. d4 d6 5. dxe5 dxe5 6. Qxd8+ Bxd8 7. Nc3 Be7
8. Bb5 Bd6 9. Bxc6+ bxc6 10. O-O Nf6 11. Bg5 Ke7 12. Nd2 Ba6 13. Rfd1 h6 14.
Bh4 Rab8 15. Nb3 g5 16. Bg3 Nh5 17. Na4 Nxg3 18. hxg3 Rb4 19. Nc3 Bc8 20. Rd2
Be6 21. Re1 h5 22. Nd1 h4 23. gxh4 Rxh4 24. f3 g4 25. g3 Rh3 26. Kg2 Rb8 27.
fxg4 Rbh8 28. Kf3 Kf6 29. Ne3 Kg5 30. Nf5 a5 31. Nc1 f6 32. a3 Bc5 33. Nd3 Ba7
34. b4 axb4 35. Nxb4 Bd4 36. Red1 Bc3 37. Rd3 Bxb4 38. axb4 Rh2 39. Rc3 Ra8 40.
Rxc6 Ra3+ 41. c3 Bxf5 42. gxf5 Rc2 43. Rd8 Rcxc3+ 44. Rxc3 Rxc3+ 45. Kg2 Rc4
46. Rg8+ Kh5 47. Rg6 Rxe4 48. Kf3 1-0

[Event "4th G. Agzamov Mem"]
[Site "Tashkent UZB"]
[Date "2010.03.26"]
[Round "4"]
[White "Saidov, B."]
[Black "Dauletova, G."]
[Result "1-0"]
[WhiteElo "2361"]
[BlackElo "2212"]
[PlyCount "71"]
[EventDate "2010.03.23"]
[EventType "swiss"]
[EventRounds "9"]
[EventCountry "UZB"]
[Source "Mark Crowther"]
[SourceDate "2010.03.29"]

1. e4 c5 2. Nf3 d6 3. d4 cxd4 4. Nxd4 Nf6 5. f3 Nc6 6. c4 Qb6 7. Nc2 e6 8. Nc3
Be7 9. Qe2 Bd7 10. Qe3 Qc7 11. Be2 O-O 12. O-O Na5 13. Qd3 Rac8 14. Ne3 a6 15.
b3 b5 16. Bb2 bxc4 17. bxc4 Qb6 18. Ncd1 Rxc4 19. Nf2 Ra4 20. Rfb1 Bb5 21. Qd2
Bxe2 22. Bxf6 Bb5 23. Bxe7 Re8 24. Bh4 d5 25. Neg4 f5 26. exf5 h5 27. Nf6+ gxf6
28. Bxf6 Kf7 29. Qh6 Rg8 30. Be5 Nc4 31. Qh7+ Kf8 32. Bf4 Qd4 33. Bh6+ Rg7 34.
fxe6 Nd2 35. e7+ Kf7 36. Bxg7 1-0

[Event "4th G. Agzamov Mem"]
[Site "Tashkent UZB"]
[Date "2010.03.26"]
[Round "4"]
[White "Mukashev, A."]
[Black "Pak, Y."]
[Result "1/2-1/2"]
[WhiteElo "2125"]
[BlackElo "2333"]
[PlyCount "64"]
[EventDate "2010.03.23"]
[EventType "swiss"]
[EventRounds "9"]
[EventCountry "UZB"]
[Source "Mark Crowther"]
[SourceDate "2010.03.29"]

1. d4 Nf6 2. g3 g6 3. Bg2 c5 4. d5 d6 5. b3 Bg7 6. Bb2 O-O 7. Nf3 Qa5+ 8. Qd2
Qxd2+ 9. Nfxd2 b5 10. O-O Nbd7 11. Re1 Nb6 12. e4 Bb7 13. Nc3 Nfd7 14. Nd1 c4
15. Bxg7 Kxg7 16. Bf1 Rfc8 17. bxc4 bxc4 18. Nc3 a5 19. Rab1 Ba6 20. Nf3 Rc5
21. Rb2 Nc8 22. Nd4 Na7 23. Reb1 Rc7 24. Bh3 Nc5 25. Rb6 Bc8 26. Bf1 Bd7 27. f4
Nc8 28. Rb8 Rxb8 29. Rxb8 Na7 30. Rb6 Nc8 31. Rb8 Na7 32. Rb6 Nc8 1/2-1/2

[Event "4th G. Agzamov Mem"]
[Site "Tashkent UZB"]
[Date "2010.03.26"]
[Round "4"]
[White "Turov, M."]
[Black "Jumabayev, R."]
[Result "1/2-1/2"]
[WhiteElo "2609"]
[BlackElo "2542"]
[PlyCount "59"]
[EventDate "2010.03.23"]
[EventType "swiss"]
[EventRounds "9"]
[EventCountry "UZB"]
[Source "Mark Crowther"]
[SourceDate "2010.03.29"]

1. d4 Nf6 2. c4 e6 3. Nc3 Bb4 4. Qc2 O-O 5. a3 Bxc3+ 6. Qxc3 d5 7. Nf3 dxc4 8.
Qxc4 b6 9. Bg5 Ba6 10. Qa4 c5 11. Rd1 cxd4 12. Nxd4 Qd7 13. Qxd7 Nbxd7 14. f3
e5 15. Nc6 e4 16. e3 Bxf1 17. Rxf1 Rfe8 18. Ke2 exf3+ 19. gxf3 Ne5 20. Nxe5
Rxe5 21. Rg1 Nh5 22. Rg4 Rae8 23. Rd3 Rxg5 24. Rxg5 Nf4+ 25. Kd2 Nxd3 26. Kxd3
Rd8+ 27. Kc4 Rc8+ 28. Kd3 Rd8+ 29. Kc4 Rc8+ 30. Kd3 1/2-1/2

[Event "4th G. Agzamov Mem"]
[Site "Tashkent UZB"]
[Date "2010.03.26"]
[Round "4"]
[White "Saduakassova, D."]
[Black "Yurtaev, L."]
[Result "0-1"]
[WhiteElo "2094"]
[BlackElo "2469"]
[PlyCount "86"]
[EventDate "2010.03.23"]
[EventType "swiss"]
[EventRounds "9"]
[EventCountry "UZB"]
[Source "Mark Crowther"]
[SourceDate "2010.03.29"]

1. e4 c5 2. Nf3 Nc6 3. d4 cxd4 4. Nxd4 Nf6 5. Nc3 d6 6. Be3 e6 7. Be2 Be7 8.
O-O O-O 9. Kh1 e5 10. Nb3 Be6 11. f4 exf4 12. Bxf4 Rc8 13. Nd4 Qb6 14. Nxe6
fxe6 15. Qd2 Ne5 16. Rab1 a6 17. Be3 Qc6 18. Bd3 b5 19. a3 Nc4 20. Bxc4 Qxc4
21. Qd3 Ng4 22. Bd4 Bg5 23. Rbd1 Qxd3 24. cxd3 Be3 25. Bxe3 Nxe3 26. Rxf8+ Rxf8
27. Re1 Rf2 28. Kg1 Rxg2+ 29. Kh1 Nc2 30. Rc1 Rd2 31. Nb1 Rxd3 32. Rxc2 Rd1+
33. Kg2 Rxb1 34. b4 Rb3 35. Rc6 Rxa3 36. Rxd6 Kf7 37. e5 Re3 38. Rxa6 Rxe5 39.
Rb6 g5 40. Kf2 h5 41. h3 Kf6 42. Rb8 Rf5+ 43. Kg2 Rd5 0-1

[Event "4th G. Agzamov Mem"]
[Site "Tashkent UZB"]
[Date "2010.03.26"]
[Round "4"]
[White "Egin, V."]
[Black "Zhigalko, S."]
[Result "0-1"]
[WhiteElo "2410"]
[BlackElo "2648"]
[PlyCount "78"]
[EventDate "2010.03.23"]
[EventType "swiss"]
[EventRounds "9"]
[EventCountry "UZB"]
[Source "Mark Crowther"]
[SourceDate "2010.03.29"]

1. e4 c5 2. Nf3 Nc6 3. Bb5 Nf6 4. Nc3 Qc7 5. O-O Nd4 6. Re1 a6 7. Bf1 Ng4 8. g3
Nxf3+ 9. Qxf3 Ne5 10. Qd1 e6 11. d3 Be7 12. a4 O-O 13. Bg2 d6 14. Be3 Rb8 15.
f4 Nc6 16. Qd2 b5 17. axb5 axb5 18. Ne2 Bd7 19. Ra6 d5 20. Rea1 d4 21. Bf2 Bc8
22. Ra8 Rxa8 23. Rxa8 f6 24. Qd1 e5 25. b3 Qb7 26. Qa1 Bg4 27. Rxf8+ Bxf8 28.
Nc1 Be6 29. f5 Bf7 30. Bf1 g6 31. c4 dxc3 32. Qxc3 Nd4 33. fxg6 hxg6 34. Be3
Qa6 35. Qb2 Qe6 36. b4 cxb4 37. Bxd4 exd4 38. Qxd4 Qc6 39. Qe3 b3 0-1

[Event "4th G. Agzamov Mem"]
[Site "Tashkent UZB"]
[Date "2010.03.26"]
[Round "4"]
[White "Akkozov, B."]
[Black "Djuraev, S."]
[Result "1-0"]
[WhiteElo "2269"]
[BlackElo "2411"]
[PlyCount "55"]
[EventDate "2010.03.23"]
[EventType "swiss"]
[EventRounds "9"]
[EventCountry "UZB"]
[Source "Mark Crowther"]
[SourceDate "2010.03.29"]

1. c4 c5 2. Nf3 g6 3. d4 cxd4 4. Nxd4 Bg7 5. e4 Nc6 6. Be3 Qb6 7. Nb3 Qc7 8.
Qd2 a5 9. Nc3 a4 10. Nd5 Qe5 11. Nc5 Qxb2 12. Qxb2 Bxb2 13. Rb1 Be5 14. f4 Bd6
15. Nxb7 Bxb7 16. Rxb7 e6 17. Nb6 Rd8 18. c5 Be7 19. Bb5 Nb8 20. Nxd7 Nxd7 21.
c6 Bb4+ 22. Ke2 Ngf6 23. cxd7+ Ke7 24. Kf3 Ra8 25. Bb6 Rhd8 26. Rc1 Rxd7 27.
Bxd7 Nxd7 28. Rd1 1-0

[Event "4th G. Agzamov Mem"]
[Site "Tashkent UZB"]
[Date "2010.03.26"]
[Round "4"]
[White "Ohunov, B."]
[Black "Holmirzaev, B."]
[Result "0-1"]
[WhiteElo "2150"]
[BlackElo "2344"]
[PlyCount "102"]
[EventDate "2010.03.23"]
[EventType "swiss"]
[EventRounds "9"]
[EventCountry "UZB"]
[Source "Mark Crowther"]
[SourceDate "2010.03.29"]

1. e4 Nc6 2. Nc3 e6 3. d4 Bb4 4. Nf3 Nf6 5. Bd3 d6 6. O-O Bxc3 7. bxc3 h6 8. h3
a6 9. Be3 b6 10. Nd2 Bb7 11. f4 Qe7 12. Qe2 e5 13. Rae1 exd4 14. cxd4 Nb4 15.
e5 Nfd5 16. Bf5 g6 17. Be4 Nc3 18. Qc4 d5 19. Qxc3 dxe4 20. a3 Nd5 21. Qb3 f5
22. c4 Nxe3 23. Qxe3 a5 24. Rc1 Rd8 25. Rfd1 g5 26. g3 gxf4 27. gxf4 Qh4 28.
Nf1 Rg8+ 29. Kh2 Rg4 30. Ng3 Rxf4 31. Rf1 Rf3 32. Rxf3 exf3 33. Nxf5 Qe4 34.
Qxe4 Bxe4 35. Nxh6 Rxd4 36. Kg3 Ke7 37. Ng4 Ke6 38. Rc3 Bc6 39. Nh2 Kxe5 40.
Nxf3+ Bxf3 41. Kxf3 a4 42. Ke3 Rh4 43. Kd2 Kd4 44. Rd3+ Kc5 45. Rc3 c6 46. Kc2
Rxc4 47. h4 Rxc3+ 48. Kxc3 Kd5 49. Kb4 b5 50. h5 Ke6 51. Kc5 Kf6 0-1

[Event "4th G. Agzamov Mem"]
[Site "Tashkent UZB"]
[Date "2010.03.26"]
[Round "4"]
[White "Tseshkovsky, V."]
[Black "Mchedlishvili, M."]
[Result "1-0"]
[WhiteElo "2549"]
[BlackElo "2634"]
[PlyCount "67"]
[EventDate "2010.03.23"]
[EventType "swiss"]
[EventRounds "9"]
[EventCountry "UZB"]
[Source "Mark Crowther"]
[SourceDate "2010.03.29"]

1. e4 c6 2. d4 d5 3. Nc3 dxe4 4. Nxe4 Bf5 5. Ng3 Bg6 6. h4 h6 7. Nf3 Nd7 8. h5
Bh7 9. Bd3 Bxd3 10. Qxd3 e6 11. Bd2 Ngf6 12. O-O-O Be7 13. Qe2 O-O 14. Kb1 Qb6
15. c4 c5 16. Bc3 cxd4 17. Nxd4 Rac8 18. b3 Rfd8 19. Bb2 a6 20. f4 Qc7 21. Qf3
Nc5 22. Nge2 Nfe4 23. g4 b5 24. cxb5 axb5 25. g5 Qa5 26. Qe3 b4 27. gxh6 Bf6
28. hxg7 Ra8 29. Nc1 Nc3+ 30. Bxc3 bxc3 31. h6 Rxd4 32. Rxd4 Nxb3 33. axb3 Qa3
34. Qxc3 1-0

[Event "4th G. Agzamov Mem"]
[Site "Tashkent UZB"]
[Date "2010.03.26"]
[Round "4"]
[White "Iuldachev, S."]
[Black "Guseinov, G."]
[Result "0-1"]
[WhiteElo "2511"]
[BlackElo "2609"]
[PlyCount "64"]
[EventDate "2010.03.23"]
[EventType "swiss"]
[EventRounds "9"]
[EventCountry "UZB"]
[Source "Mark Crowther"]
[SourceDate "2010.03.29"]

1. e4 c5 2. Nc3 g6 3. Nf3 Bg7 4. d4 cxd4 5. Nxd4 Nc6 6. Be3 Nf6 7. Bc4 O-O 8.
Bb3 d6 9. f3 Bd7 10. Qd2 Nxd4 11. Bxd4 b5 12. h4 a5 13. h5 a4 14. Bd5 b4 15.
Ne2 e5 16. Be3 Nxd5 17. Qxd5 Be6 18. Qd2 d5 19. hxg6 hxg6 20. Bh6 dxe4 21. Qe3
exf3 22. Bxg7 Kxg7 23. gxf3 Qa5 24. Qh6+ Kf6 25. Ng3 b3+ 26. c3 Bd5 27. Rh5
Rae8 28. O-O-O Ke6 29. f4 bxa2 30. Rxe5+ Kd7 31. Rexd5+ Qxd5 32. Rxd5+ Kc6 0-1

[Event "4th G. Agzamov Mem"]
[Site "Tashkent UZB"]
[Date "2010.03.26"]
[Round "4"]
[White "Megaranto, S."]
[Black "Ibrayev, N."]
[Result "1-0"]
[WhiteElo "2534"]
[BlackElo "2405"]
[PlyCount "73"]
[EventDate "2010.03.23"]
[EventType "swiss"]
[EventRounds "9"]
[EventCountry "UZB"]
[Source "Mark Crowther"]
[SourceDate "2010.03.29"]

1. e4 c5 2. Nf3 d6 3. d4 cxd4 4. Nxd4 Nf6 5. Nc3 a6 6. Bg5 e6 7. f4 Be7 8. Qf3
Qc7 9. O-O-O Nbd7 10. Bxf6 Bxf6 11. g4 Qb6 12. Nde2 g5 13. e5 dxe5 14. f5 e4
15. Qxe4 Nc5 16. Qf3 exf5 17. gxf5 Bd7 18. Qe3+ Kf8 19. Qg3 Ne4 20. Nxe4 Qxb2+
21. Kd2 Bxf5 22. Nxf6 Rd8+ 23. Ke1 Rxd1+ 24. Kxd1 Bxc2+ 25. Ke1 Qxf6 26. Bg2 h6
27. Rf1 Qb2 28. Bd5 Bg6 29. Qc7 Qb4+ 30. Kf2 Kg7 31. Qe5+ Kh7 32. Kg2 Rf8 33.
Ng3 f6 34. Qc7+ Kh8 35. Qxb7 Qxb7 36. Bxb7 f5 37. Be4 1-0

[Event "4th G. Agzamov Mem"]
[Site "Tashkent UZB"]
[Date "2010.03.26"]
[Round "4"]
[White "Dzhumaev, M."]
[Black "Nakhbayeva, G."]
[Result "1-0"]
[WhiteElo "2525"]
[BlackElo "2245"]
[PlyCount "103"]
[EventDate "2010.03.23"]
[EventType "swiss"]
[EventRounds "9"]
[EventCountry "UZB"]
[Source "Mark Crowther"]
[SourceDate "2010.03.29"]

1. e4 c5 2. Nf3 d6 3. d4 cxd4 4. Nxd4 Nf6 5. Nc3 a6 6. Be3 e5 7. Nb3 Be7 8. f3
Be6 9. Qd2 O-O 10. O-O-O a5 11. Qf2 Qc8 12. Bb5 Na6 13. Na4 Nc7 14. Nb6 Qb8 15.
Ba4 Ra6 16. g4 Rd8 17. g5 Nh5 18. Kb1 Nf4 19. h4 d5 20. Bc5 Bxc5 21. Qxc5 d4
22. Qxe5 Rxb6 23. Qxf4 Rb4 24. Nc5 Qc8 25. Bb3 Bxb3 26. axb3 Nd5 27. exd5 Qxc5
28. Rhe1 Rc8 29. Qe4 g6 30. h5 a4 31. h6 axb3 32. Rd2 Qd6 33. cxb3 Kf8 34. Rc2
Rd8 35. Rc4 Rb6 36. Qxd4 f6 37. Qe3 Rb5 38. Re4 Qd7 39. Rd4 Qf5+ 40. Rd3 Qd7
41. gxf6 Re8 42. Qxe8+ Qxe8 43. Rxe8+ Kxe8 44. Re3+ Kf7 45. Re7+ Kxf6 46. Rxh7
Rxb3 47. d6 Kg5 48. f4+ Kh5 49. d7 Rd3 50. Kc2 Rd6 51. Kc3 g5 52. f5 1-0

[Event "4th G. Agzamov Mem"]
[Site "Tashkent UZB"]
[Date "2010.03.26"]
[Round "4"]
[White "Hamrakulova, Y."]
[Black "Vakhidov, T."]
[Result "1/2-1/2"]
[WhiteElo "2249"]
[BlackElo "2516"]
[PlyCount "99"]
[EventDate "2010.03.23"]
[EventType "swiss"]
[EventRounds "9"]
[EventCountry "UZB"]
[Source "Mark Crowther"]
[SourceDate "2010.03.29"]

1. d4 Nf6 2. c4 g6 3. Nc3 d5 4. Nf3 Bg7 5. Qb3 dxc4 6. Qxc4 O-O 7. e4 c6 8. Be2
b5 9. Qb3 Qa5 10. Bd2 b4 11. Na4 Nxe4 12. Bxb4 Qd8 13. O-O Nf6 14. Rfe1 Nd5 15.
Ba3 Nd7 16. Rac1 Rb8 17. Qc4 Bb7 18. Nc5 Nxc5 19. Qxc5 a5 20. Ne5 e6 21. Red1
Re8 22. Nxc6 Bxc6 23. Qxc6 Bf8 24. Bxf8 Rxf8 25. b3 Rb6 26. Qc5 Rd6 27. Bf3 Kg7
28. h3 Re8 29. Rc4 Nb6 30. Rcc1 Nd5 31. Rc4 Nb6 32. Rcc1 Nd5 33. Qb5 Re7 34.
Rc5 Ra7 35. Rdc1 Nf6 36. Rc8 Qb6 37. Qxb6 Rxb6 38. R1c7 Rxc7 39. Rxc7 a4 40.
bxa4 Rb1+ 41. Kh2 Rb2 42. a3 Rb3 43. a5 Rxa3 44. Rc5 Ra2 45. Kg3 h6 46. h4 Ra4
47. d5 e5 48. Rb5 Ra3 49. Kh2 Ra2 50. Bd1 1/2-1/2

[Event "4th G. Agzamov Mem"]
[Site "Tashkent UZB"]
[Date "2010.03.27"]
[Round "5"]
[White "Jumabayev, R."]
[Black "Tiviakov, S."]
[Result "1/2-1/2"]
[WhiteElo "2542"]
[BlackElo "2653"]
[PlyCount "40"]
[EventDate "2010.03.23"]
[EventType "swiss"]
[EventRounds "9"]
[EventCountry "UZB"]
[Source "Mark Crowther"]
[SourceDate "2010.03.29"]

1. d4 Nf6 2. c4 e6 3. Nf3 b6 4. g3 Bb4+ 5. Bd2 Be7 6. Bg2 c6 7. O-O d5 8. Bf4
Bb7 9. Nc3 O-O 10. Qd3 Na6 11. a3 dxc4 12. Qxc4 c5 13. Ne5 Bxg2 14. Kxg2 cxd4
15. Nc6 Qd7 16. Nxe7+ Qxe7 17. Qxd4 Rfd8 18. Qe3 Nc7 19. Bg5 h6 20. Bxf6 Qxf6
1/2-1/2

[Event "4th G. Agzamov Mem"]
[Site "Tashkent UZB"]
[Date "2010.03.27"]
[Round "5"]
[White "Mchedlishvili, M."]
[Black "Akkozov, B."]
[Result "1-0"]
[WhiteElo "2634"]
[BlackElo "2269"]
[PlyCount "53"]
[EventDate "2010.03.23"]
[EventType "swiss"]
[EventRounds "9"]
[EventCountry "UZB"]
[Source "Mark Crowther"]
[SourceDate "2010.03.29"]

1. d4 Nf6 2. c4 e6 3. Nf3 d5 4. Nc3 Bb4 5. cxd5 exd5 6. Bg5 Nbd7 7. e3 c5 8.
Bd3 Qa5 9. O-O O-O 10. Nxd5 Nxd5 11. a3 c4 12. axb4 Qxb4 13. Ra4 Qxb2 14. Rxc4
h6 15. Bh4 b5 16. Rc2 Qa3 17. Qd2 b4 18. e4 b3 19. Rb2 Nf4 20. Bc4 Nb6 21. Bxb3
Ba6 22. Rfb1 Ne2+ 23. Kh1 Rfc8 24. Ne5 Rc7 25. h3 Rac8 26. Ra2 Rc1+ 27. Kh2 1-0

[Event "4th G. Agzamov Mem"]
[Site "Tashkent UZB"]
[Date "2010.03.27"]
[Round "5"]
[White "Agzamov, Vi"]
[Black "Saidov, B."]
[Result "1-0"]
[WhiteElo "2270"]
[BlackElo "2361"]
[PlyCount "139"]
[EventDate "2010.03.23"]
[EventType "swiss"]
[EventRounds "9"]
[EventCountry "UZB"]
[Source "Mark Crowther"]
[SourceDate "2010.03.29"]

1. Nf3 Nf6 2. c4 e6 3. d4 d5 4. e3 Nbd7 5. Nc3 c6 6. Bd3 Bd6 7. O-O O-O 8. e4
dxc4 9. Bxc4 e5 10. dxe5 Nxe5 11. Nxe5 Bxe5 12. Qxd8 Rxd8 13. f3 Be6 14. Bxe6
fxe6 15. Bg5 Rd3 16. Rfd1 Rad8 17. Rxd3 Rxd3 18. Rd1 Rxd1+ 19. Nxd1 Nd7 20. Be3
a5 21. f4 Bc7 22. Kf2 Kf7 23. b3 g6 24. g3 e5 25. h3 Ke6 26. Kf3 b5 27. Nc3 h5
28. a4 b4 29. Nb1 h4 30. gxh4 exf4 31. Bxf4 Bd8 32. Nd2 Bxh4 33. Bc7 Be1 34.
Nc4 Nc5 35. Nxa5 Kd7 36. Bb6 Ne6 37. Be3 c5 38. e5 Bh4 39. Ke4 Bd8 40. Nc4 Kc6
41. a5 Nc7 42. Bh6 Nb5 43. a6 Nc7 44. a7 Kb7 45. Bf8 Kxa7 46. Bxc5+ Kb7 47.
Bxb4 Kc6 48. Ba5 Ne6 49. Bxd8 Nxd8 50. Nd2 Ne6 51. Nf3 Nc5+ 52. Kf4 Ne6+ 53.
Kg4 Kd5 54. h4 Kc5 55. Ng5 Nd4 56. e6 Kd6 57. b4 Nc2 58. b5 Ne3+ 59. Kf4 Nd5+
60. Kf3 Ke7 61. Nh3 Kd6 62. Nf4 Nf6 63. b6 Kc6 64. Nxg6 Kxb6 65. Kf4 Kc7 66.
Kf5 Ng8 67. Nf4 Kd6 68. Kg6 Ke7 69. h5 Kf8 70. Nd5 1-0

[Event "4th G. Agzamov Mem"]
[Site "Tashkent UZB"]
[Date "2010.03.27"]
[Round "5"]
[White "Kotsur, P."]
[Black "Turov, M."]
[Result "0-1"]
[WhiteElo "2565"]
[BlackElo "2609"]
[PlyCount "62"]
[EventDate "2010.03.23"]
[EventType "swiss"]
[EventRounds "9"]
[EventCountry "UZB"]
[Source "Mark Crowther"]
[SourceDate "2010.03.29"]

1. d4 Nf6 2. c4 e6 3. g3 d5 4. Nf3 Bb4+ 5. Bd2 Bd6 6. Bg2 c6 7. Qb3 O-O 8. Bb4
Bxb4+ 9. Qxb4 b6 10. O-O Bb7 11. Rd1 Na6 12. Qa4 dxc4 13. Qxc4 c5 14. Nc3 Qe7
15. e4 Rfd8 16. e5 Nd5 17. Nb5 Ndb4 18. Nd6 Bd5 19. Qe2 Nc7 20. dxc5 bxc5 21.
Rac1 c4 22. Rxc4 Bxc4 23. Qxc4 Rab8 24. Nd4 Ne8 25. N4b5 a6 26. Qxb4 Rxb5 27.
Qd2 Kf8 28. Qc2 Rxe5 29. Qxh7 Nf6 30. Qd3 Rd5 31. Bxd5 Rxd6 0-1

[Event "4th G. Agzamov Mem"]
[Site "Tashkent UZB"]
[Date "2010.03.27"]
[Round "5"]
[White "Holmirzaev, B."]
[Black "Dzhumaev, M."]
[Result "0-1"]
[WhiteElo "2344"]
[BlackElo "2525"]
[PlyCount "64"]
[EventDate "2010.03.23"]
[EventType "swiss"]
[EventRounds "9"]
[EventCountry "UZB"]
[Source "Mark Crowther"]
[SourceDate "2010.03.29"]

1. d4 g6 2. e4 Bg7 3. c4 c5 4. d5 d6 5. Nc3 Nf6 6. f3 O-O 7. Be3 e6 8. Nge2
exd5 9. cxd5 a6 10. a4 Nbd7 11. g4 Ne5 12. Ng3 Bxg4 13. fxg4 Nfxg4 14. Qe2 f5
15. exf5 Nxe3 16. Qxe3 gxf5 17. Qf4 Ng6 18. Qd2 Qh4 19. Kd1 Rae8 20. Kc2 Bxc3
21. bxc3 f4 22. Ne2 Re3 23. Nc1 Kh8 24. Rb1 Qe7 25. Bd3 Ne5 26. Be2 Qd7 27. Kb3
b5 28. axb5 axb5 29. Rf1 Qf5 30. Ra1 Qe4 31. Rf2 b4 32. Na2 Rb8 0-1

[Event "4th G. Agzamov Mem"]
[Site "Tashkent UZB"]
[Date "2010.03.27"]
[Round "5"]
[White "Guseinov, G."]
[Black "Tseshkovsky, V."]
[Result "1/2-1/2"]
[WhiteElo "2609"]
[BlackElo "2549"]
[PlyCount "88"]
[EventDate "2010.03.23"]
[EventType "swiss"]
[EventRounds "9"]
[EventCountry "UZB"]
[Source "Mark Crowther"]
[SourceDate "2010.03.29"]

1. e4 d6 2. d4 Nf6 3. Nc3 g6 4. Nf3 Bg7 5. Be2 O-O 6. O-O Nc6 7. d5 Nb8 8. h3
c6 9. Re1 a6 10. Bf1 b5 11. dxc6 Nxc6 12. Bg5 h6 13. Bf4 e5 14. Be3 Bb7 15. a4
b4 16. Nd5 Nxd5 17. Qxd5 Na5 18. Qd2 Bxe4 19. Bg5 hxg5 20. Rxe4 d5 21. Rg4 Nc6
22. Nxg5 e4 23. h4 Qc8 24. Rg3 Nd4 25. Rd1 Qc5 26. h5 Nf5 27. Rh3 e3 28. fxe3
Bh6 29. Qxd5 Qxd5 30. Rxd5 Bxg5 31. e4 Be3+ 32. Kh1 Ne7 33. Rxe3 Nxd5 34. exd5
gxh5 35. c4 bxc3 36. bxc3 Rfc8 37. c4 Kf8 38. Re5 Rc5 39. Rxh5 Ke7 40. Rh6 Rb8
41. Bd3 Rb3 42. Be2 Re3 43. Bf3 a5 44. Ra6 f5 1/2-1/2

[Event "4th G. Agzamov Mem"]
[Site "Tashkent UZB"]
[Date "2010.03.27"]
[Round "5"]
[White "Ibrayev, N."]
[Black "Temirov, B."]
[Result "0-1"]
[WhiteElo "2405"]
[BlackElo "2258"]
[PlyCount "86"]
[EventDate "2010.03.23"]
[EventType "swiss"]
[EventRounds "9"]
[EventCountry "UZB"]
[Source "Mark Crowther"]
[SourceDate "2010.03.29"]

1. d4 Nf6 2. c4 g6 3. g3 Bg7 4. Bg2 O-O 5. e4 d6 6. Ne2 c5 7. d5 b5 8. cxb5 a6
9. bxa6 Bxa6 10. O-O Nbd7 11. f4 Qa5 12. h3 Rfb8 13. Rf2 Ne8 14. Nbc3 Ra7 15.
Kh2 Nc7 16. a4 Bc4 17. Ra3 Rab7 18. e5 Rb3 19. Rxb3 Bxb3 20. Qd3 Qa7 21. Be3
Nb6 22. h4 Nxa4 23. Nxa4 Qxa4 24. Nc3 Qa6 25. Qd2 Rd8 26. h5 Ne8 27. hxg6 hxg6
28. e6 f5 29. Bf3 Bxc3 30. Qxc3 Qb7 31. Rd2 Nf6 32. Bxc5 dxc5 33. d6 Qb4 34.
Qe3 Rxd6 35. Rxd6 exd6 36. e7 Qb8 37. g4 Bf7 38. gxf5 Qxb2+ 39. Kh3 Qd4 40.
Qxd4 cxd4 41. fxg6 Bxg6 42. Kh4 Kf7 43. Kg5 Be4 0-1

[Event "4th G. Agzamov Mem"]
[Site "Tashkent UZB"]
[Date "2010.03.27"]
[Round "5"]
[White "Zhigalko, S."]
[Black "Ismagambetov, An"]
[Result "1/2-1/2"]
[WhiteElo "2648"]
[BlackElo "2508"]
[PlyCount "105"]
[EventDate "2010.03.23"]
[EventType "swiss"]
[EventRounds "9"]
[EventCountry "UZB"]
[Source "Mark Crowther"]
[SourceDate "2010.03.29"]

1. e4 e5 2. Nf3 Nc6 3. Bb5 a6 4. Ba4 Nf6 5. O-O b5 6. Bb3 Be7 7. Re1 O-O 8. h3
d6 9. c3 Na5 10. Bc2 c5 11. d4 Qc7 12. Nbd2 Rd8 13. d5 c4 14. Nf1 Nb7 15. N3h2
Bd7 16. f4 exf4 17. Bxf4 Re8 18. Ng3 h6 19. Rf1 Nc5 20. Qf3 b4 21. Bxh6 gxh6
22. Nh5 Nxh5 23. Qxh5 Rf8 24. Rf3 Bg5 25. h4 b3 26. hxg5 bxc2 27. Qxh6 Bc8 28.
g4 Nd3 29. Raf1 f6 30. Rxf6 Rxf6 31. gxf6 Qf7 32. Nf3 Qh7 33. Qg5+ Kf8 34. e5
dxe5 35. Nxe5 Nxe5 36. Qxe5 Bxg4 37. f7 Rd8 38. d6 Qh4 39. d7 Be6 40. Qd6+ Qe7
41. Qe5 Qh4 42. Qxe6 Qg3+ 43. Kh1 Qh4+ 44. Kg2 Qg5+ 45. Kf3 Qh5+ 46. Kg3 Qg5+
47. Qg4 Qe3+ 48. Kg2 Qd2+ 49. Rf2 Qd5+ 50. Kh2 Qd6+ 51. Kg2 Qd5+ 52. Kg3 Qe5+
53. Kg2 1/2-1/2

[Event "4th G. Agzamov Mem"]
[Site "Tashkent UZB"]
[Date "2010.03.27"]
[Round "5"]
[White "Vakhidov, T."]
[Black "Sydykov, A."]
[Result "1/2-1/2"]
[WhiteElo "2516"]
[BlackElo "2266"]
[PlyCount "108"]
[EventDate "2010.03.23"]
[EventType "swiss"]
[EventRounds "9"]
[EventCountry "UZB"]
[Source "Mark Crowther"]
[SourceDate "2010.03.29"]

1. Nf3 Nf6 2. c4 c6 3. d4 d5 4. cxd5 cxd5 5. Nc3 Nc6 6. Bf4 a6 7. Rc1 e6 8. e3
Bd6 9. Bd3 O-O 10. O-O Bxf4 11. exf4 Qd6 12. g3 b5 13. Bb1 Bd7 14. Ne5 Rfc8 15.
Qd2 Rc7 16. f3 Rac8 17. Ne2 Be8 18. Rc3 Nd7 19. Rfc1 Nb6 20. b3 f6 21. Nxc6
Bxc6 22. Bd3 g6 23. Rc5 Nd7 24. R5c2 Bb7 25. Qa5 Rxc2 26. Rxc2 Rxc2 27. Bxc2
Kf7 28. Kf2 e5 29. fxe5 fxe5 30. Qd2 b4 31. dxe5 Nxe5 32. Qf4+ Kg8 33. Nd4 a5
34. h4 Ba6 35. Kg2 Qe7 36. Qg5 Qxg5 37. hxg5 Nd3 38. Bxd3 Bxd3 39. Nc6 Bb1 40.
Nxa5 Bxa2 41. Kf2 d4 42. Ke2 Kf7 43. Kd3 Ke6 44. Nc6 Kf5 45. Nxd4+ Kxg5 46. Kc2
h5 47. Kb2 Bxb3 48. Kxb3 h4 49. gxh4+ Kxh4 50. Ne2 Kh3 51. Kxb4 Kg2 52. Nd4 g5
53. Kc4 Kg3 54. Kd3 g4 1/2-1/2

[Event "4th G. Agzamov Mem"]
[Site "Tashkent UZB"]
[Date "2010.03.27"]
[Round "5"]
[White "Faizulaev, A."]
[Black "Iuldachev, S."]
[Result "0-1"]
[WhiteElo "2303"]
[BlackElo "2511"]
[PlyCount "100"]
[EventDate "2010.03.23"]
[EventType "swiss"]
[EventRounds "9"]
[EventCountry "UZB"]
[Source "Mark Crowther"]
[SourceDate "2010.03.29"]

1. e4 e5 2. Nf3 Nc6 3. Bb5 Nf6 4. O-O Nxe4 5. d4 Nd6 6. Bxc6 dxc6 7. dxe5 Nf5
8. Qxd8+ Kxd8 9. Nc3 h6 10. h3 Bd7 11. b3 Ne7 12. Bb2 Kc8 13. Rad1 c5 14. Ne4
b6 15. Rfe1 Be6 16. Ng3 a5 17. a4 Kb7 18. Nh5 g5 19. c4 Nc6 20. Nh2 Rd8 21.
Rxd8 Nxd8 22. Rd1 Be7 23. Ng4 Kc8 24. Ng7 h5 25. Nf6 Bxf6 26. exf6 Nc6 27. Kf1
h4 28. Ke2 Bd7 29. f3 Rh6 30. Ke3 Nd4 31. Bxd4 cxd4+ 32. Rxd4 Rxf6 33. Rd5 Rg6
34. Nf5 Re6+ 35. Kf2 f6 36. Ne3 c6 37. Rd4 Kc7 38. Nd1 Rd6 39. Ke3 Bf5 40. Rd2
Rxd2 41. Kxd2 Kd6 42. Ne3 Be6 43. Nc2 b5 44. cxb5 cxb5 45. Nd4 bxa4 46. bxa4
Bc4 47. f4 gxf4 48. Nf3 Bb3 49. Nxh4 Ke5 50. Ng6+ Ke4 0-1